00214nam a2200085Ia 4500008004100000041000800041100001700049245003600066260002600102231212s1990 xx 000 0 und d aeng aLeventhal L. aIntroducation To Microprocessor aBombaybOsbornec1990